00459nam a2200205Ia 4500008004000000020001800040041000800058082001500066100001600081245004300097260002100140300001200161650001000173650001100183650001100194650001300205650001000218650000800228700001700236210210b2008 xxu||||| |||| 00| 0 eng d a9788189267582 aeng a361.3 MISS aMISRA (P D) aSocial group work: theory and practice aLucknowb-c2008 aii--189 awork: atheory aSocial apractice agroup aand aMISRA (Bina)